00494nam a2200157Ia 4500003000400000005001700004008004100021020001800062040000900080082002200089100003600111245012000147250001200267260004800279300000900327OSt20200609125321.0190216s9999||||xx |||||||||||||| ||und|| a9780195640755 coclc a363.700954bARN/N aDavid Arnold & Ramachandra Guha 0aNature, Culture, Imperialism:bEssays on the Environmental History Of South Asia /cDavid Arnold ; Ramachandra Guha a7th ed. bOxford University Press,c2011.aNew Delhi: a376p